| 000 | 00484nam a2200181Ia 4500 | ||
|---|---|---|---|
| 001 | 8673 | ||
| 005 | 20260306160627.0 | ||
| 008 | 260306t2009||||xx |||||||||||||| ||spa|| | ||
| 041 | _aESP | ||
| 082 |
_a371.29 _bA79 2009 |
||
| 100 |
_aAsociación Solaris Perú _eAUT |
||
| 245 | 0 |
_aFamilias andinas educadoras: _bapoyando la asistencia escolar de niños y niñas |
|
| 260 | _c2009 | ||
| 300 |
_a56 páginas : _c26 cm. |
||
| 650 | _aGEN | ||
| 654 | _aCED | ||
| 942 |
_cLIB _dJUS _fJUS _2ddc _n |
||
| 999 |
_c8673 _d8673 |
||